Central Library OPAC University of Rajshahi

Character and the unconscious : (Record no. 29107)

MARC details
000 -LEADER
fixed length control field 01343cam a22003371 4500
001 - CONTROL NUMBER
control field 29107
003 - CONTROL NUMBER IDENTIFIER
rucl marc code BD-RjUL
005 - DATE AND TIME OF LATEST TRANSACTION
control field 20211209051355.0
008 - FIXED-LENGTH DATA ELEMENTS--GENERAL INFORMATION
fixed length control field 140402r19501923enka b 001 0 eng
035 ## - SYSTEM CONTROL NUMBER
System control number (BD-RjUL)29192
040 ## - CATALOGING SOURCE
Original cataloging agency DLC/ICU
Transcribing agency ICU
Modifying agency DLC
Language of cataloging eng
041 1# - LANGUAGE CODE
Language code of text/sound track or separate title engdut
082 ## - DEWEY DECIMAL CLASSIFICATION NUMBER
Classification number 150.1952
Author mark and year HOC 1950
100 1# - MAIN ENTRY--PERSONAL NAME
Personal name Hoop, J. H. van der
Fuller form of name (Johannes Hermanus),
Dates associated with a name 1887-1950.
9 (RLIN) 88878
245 10 - TITLE STATEMENT
Title Character and the unconscious :
Remainder of title a critical exposition of the psychology of Freud and of Jung /
Statement of responsibility, etc. by J.H. van der Hoop. Authorized translation by Elizabeth Trevelyan.
260 ## - PUBLICATION, DISTRIBUTION, ETC. (IMPRINT)
Place of publication, distribution, etc. London ;
Name of publisher, distributor, etc. K. Paul, Trench, Trubner & co., ltd.;
Place of publication, distribution, etc. New York :
Name of publisher, distributor, etc. Harcourt, Brace & company, inc.,
Date of publication, distribution, etc. 1923 [impression 1950]
300 ## - PHYSICAL DESCRIPTION
Pagination viii, 222 p., 1 l. :
Illustrations ill. ;
Size 23 cm.
504 ## - BIBLIOGRAPHY, ETC. NOTE
Bibliography, etc Bibliography: p. 219-220.
Bibliography, etc Includes index.
600 10 - SUBJECT ADDED ENTRY--PERSONAL NAME
Personal name Freud, Sigmund,
Dates associated with a name 1856-1939.
Personal name Jung, C. G.
Fuller form of name (Carl Gustav),
Dates associated with a name 1875-1961.
650 #0 - SUBJECT ADDED ENTRY--TOPICAL TERM
Topical term or geographic name as entry element Psychoanalysis.
9 (RLIN) 88880
Topical term or geographic name as entry element Subconsciousness.
9 (RLIN) 88881
Topical term or geographic name as entry element Characters and characteristics.
9 (RLIN) 88882
700 1# - ADDED ENTRY--PERSONAL NAME
Personal name Trevelyan, Elizabeth,
Relator term tr.
942 ## - ADDED ENTRY ELEMENTS (KOHA)
Source of classification or shelving scheme Dewey Decimal Classification
Koha item type Books
Holdings
Lost status Source of classification or shelving scheme Damaged status Not for loan Collection code Permanent Location Current Location Shelving location Date acquired Source of acquisition Cost, normal purchase price Total Checkouts Full call number Date last seen Copy number Koha item type
  Dewey Decimal Classification   Added to bundle Non-fiction Central Library, University of Rajshahi Central Library, University of Rajshahi Reading Room 26/01/1956 Suspkim Mashall Ltd. 17.00   150.1952 HOC 1950 02/04/2014 C-1 Books